[Event "FIDE Womens GP Lausanne 2020"]
[Site "Lausanne"]
[Date "2020.03.04"]
[Round "3.1"]
[White "Kosteniuk, Alexandra"]
[Black "Kashlinskaya, Alina"]
[Result "0-1"]
[WhiteElo "2504"]
[BlackElo "2484"]
[Annotator "TA"]
[PlyCount "114"]
[EventDate "2020.03.02"]
[EventType "tourn"]
[EventCountry "SUI"]
[SourceTitle "playchess.com"]
[Source "ChessBase"]
[SourceQuality "1"]

{[%evp 17,114,20,14,10,25,18,18,27,22,18,64,64,64,69,63,68,61,71,54,57,66,16,20,0,0,0,0,-27,-29,-61,-68,-75,-75,-93,-76,-94,-38,-45,-46,-48,-61,-81,-77,-149,-150,-214,-214,-245,-244,-257,-239,-256,-241,-362,-356,-381,-357,-343,-358,-347,-305,-285,-281,-401,-401,-387,-339,-330,-325,-874,-869,-843,-812,-29967,-29969,-29970,-29971,-29971,-29972,-29971,-29973,-29971,-29974,-29974,-29975,-29973,-29975,-29976,-29977,-29977,-29978,-29979,-29979,-29979,-29980,-29982,-29983,-29983,-29984]} 1. e4 e5 2. Nf3 Nf6 3. Nxe5 d6 4. Nf3 Nxe4 5. d4 d5 6. Bd3 Bd6 7. O-O O-O 8. c4 c6 9. Re1 Bf5 10. cxd5 {C42: Petroff Defence: 3 Nxe5 and unusual White 3rd moves.} cxd5 11. Nc3 Nxc3 12. bxc3 {The position is equal.} Bxd3 13. Qxd3 Nc6 14. Ng5 {[%csl Gg5][%cal Rd3h7]} g6 15. Qh3 $1 {[%csl Gg5][%cal Rh3h7]} h5 16. g4 $1 {[#]} Be7 $146 ({Predecessor:} 16... Qd7 17. gxh5 Qxh3 18. Nxh3 gxh5 19. Rb1 b6 20. Kh1 f6 21. Re6 Rad8 22. Bf4 Bxf4 23. Nxf4 Na5 24. Re7 {1-0 (24) Naiditsch,A (2697)-Bluvshtein,M (2558) Montreal 2009}) 17. Qh4 $1 Bxg5 18. Bxg5 f6 19. Bd2 hxg4 $1 20. Qxg4 Kg7 21. Kh1 {aiming for Re6.} Qc8 $1 $36 {[%cal Rc8g4][%mdl 2048] Black is pushing.} 22. Qg2 Qf5 23. Rab1 Rf7 24. Rb5 Rd8 25. Be3 a6 26. Rc5 Qd7 (26... Rfd7 $17) 27. Rg1 Ne7 {[%cal Bc6e7,Be7g6,Bg6h4][%mdl 32] Hoping for ...b6.} 28. Bf4 Qf5 29. Bc7 {Black continues to play with concentration.} Rd7 30. Qg3 (30. a4 $142) 30... g5 $17 31. f3 (31. Qg2 $17) 31... Ng6 $1 $19 32. c4 Rfe7 33. cxd5 Rxd5 34. Bd6 Rd7 35. Rxd5 (35. Bb8 $142) 35... Qxd5 {[%mdl 64] Double Attack} 36. Bc5 {[#]} Nh4 $1 {[%mdl 512]} 37. Rf1 (37. Qxh4 Qxf3+) 37... b6 {[%mdl 64] Decoy} ({Don't take} 37... Qxa2 38. Kg1 $19) 38. Bxb6 {[#]} Qb5 $1 {[%mdl 512]} 39. Rg1 Qc6 ({Less strong is} 39... Qxb6 40. Qxh4 Rxd4 41. Qf2 $15) 40. Bc5 (40. h3 $142 Nxf3 {[%mdl 64] Double Attack} 41. Qg2) 40... Nxf3 {[%mdl 64] Double Attack} 41. Qg2 Qe4 42. Rf1 {[#]} g4 $1 43. Rc1 $2 (43. h3 f5 44. hxg4 fxg4 45. Rxf3 {[%mdl 64] Remove Defender} Qxf3 46. Qxf3 gxf3 47. Kg1) 43... Rb7 {( -> ...Rb1)} 44. d5 Rb1 45. Rxb1 Qxb1+ {Black mates.} 46. Bg1 Qxg1+ 47. Qxg1 Nxg1 48. Kxg1 {[%mdl 4096] Endgame [#] K3P-K3P} f5 $1 49. Kg2 Kf6 50. h4 gxh3+ $1 51. Kxh3 {KPP-KPP} Ke5 52. Kg3 Kxd5 53. Kf4 Ke6 54. Kf3 a5 {[%cal Ba6a5,Ba5a4,Ba4a3][%mdl 32]} 55. Kf4 a4 56. Kf3 Ke5 57. Ke3 a3 {Accuracy: White = 58%, Black = 94%.} 0-1

[Event "FIDE Womens GP Lausanne 2020"]
[Site "Lausanne"]
[Date "2020.03.04"]
[Round "3.3"]
[White "Stefanova, Antoaneta"]
[Black "Dzagnidze, Nana"]
[Result "1/2-1/2"]
[WhiteElo "2469"]
[BlackElo "2515"]
[Annotator "TA"]
[PlyCount "98"]
[EventDate "2020.03.02"]
[EventType "tourn"]
[EventCountry "SUI"]
[SourceTitle "playchess.com"]
[Source "ChessBase"]
[SourceQuality "1"]

{[%evp 20,98,51,30,34,25,56,29,73,76,68,63,128,60,56,49,66,56,37,0,0,0,0,0,0,-60,-41,-123,0,-46,-68,-31,0,0,74,79,118,-10,-11,-5,-13,-22,0,0,0,0,0,0,0,0,-2,-8,-12,-14,0,0,0,0,0,0,0,0,0,0,0,-58,0,0,0,0,0,0,0,0,0,0,0,0,0,0,0]} 1. d4 Nf6 2. c4 g6 3. Nc3 Bg7 4. e4 d6 5. Bd3 O-O 6. Nge2 c5 7. d5 e6 8. Ng3 exd5 9. cxd5 a6 10. a4 Nbd7 11. O-O Rb8 {A65: Modern Benoni: 6 e4.} 12. h3 Qc7 13. Bc4 {[#]} Ne5 $146 {[#]White has an edge.} ({Predecessor:} 13... Re8 14. Re1 h5 15. Bg5 Ne5 16. Be2 c4 17. b4 Nh7 18. Bd2 h4 19. Nf1 f5 20. exf5 Bxf5 {1-0 (35) Campos Moreno,J (2480)-Fernandez,J (2315) Palma de Mallorca 1991}) 14. Be2 $1 c4 15. Be3 h5 (15... Re8 $14) 16. Ba7 (16. f4 $16 Ned7 17. e5 dxe5 18. d6) 16... b5 $14 17. Bxb8 Qxb8 18. axb5 axb5 19. Qd4 h4 20. Nh1 $1 Bd7 21. f4 Nd3 $1 22. Qe3 (22. Bxd3 $11 cxd3 23. f5 (23. Qxd3 b4 $11)) 22... b4 $15 23. Nd1 {[#]} (23. Na4 $1 $15 Bxa4 24. Bxd3) 23... Re8 ({Black should try} 23... Nc5 $1 $17 24. Bxc4 Nfxe4) 24. Bxd3 cxd3 25. Nhf2 Bb5 (25... Nxe4 $5 26. Nxe4 f5 $15) 26. Re1 Nxd5 (26... Nh5 $11) 27. Qd2 $36 {[%mdl 2048] White is really pushing.} Ne7 28. Qxb4 ({White should play} 28. Nxd3 $16 Nc6 29. Nxb4) 28... Nc6 $11 29. Qd2 Nd4 $1 {[%cal Rd4b3] aiming for ...Nb3.} 30. Ra3 Ne2+ 31. Kh1 $1 Bh6 32. Nxd3 Ng3+ 33. Kg1 Nxe4 34. Qb4 d5 $1 {Hoping for ...Bf8.} 35. Rb3 Qa7+ 36. N3f2 $1 Bc4 37. Rxe4 (37. Qb6 {looks sharper.} Qxb6 38. Rxb6 Bxf4 39. Nc3 Kf8 40. Rb4) 37... dxe4 38. Qxc4 {Strongly threatening Re3.} e3 39. Nxe3 Rxe3 40. Rxe3 Qxe3 41. f5 gxf5 42. Qxh4 (42. Kf1 $11) 42... Qc1+ ({Better is} 42... Bf4 $15 43. Qd8+ Kh7) 43. Kh2 {The position is equal.} Bf4+ 44. g3 Be3 45. Qd8+ Kg7 46. Nd1 Qc2+ 47. Kh1 Qe4+ 48. Kh2 Qc2+ 49. Kh1 Qe4+ {Accuracy: White = 67%, Black = 72%.} 1/2-1/2

[Event "FIDE Womens GP Lausanne 2020"]
[Site "Lausanne"]
[Date "2020.03.04"]
[Round "3.4"]
[White "Harika, Dronavalli"]
[Black "Ju, Wenjun"]
[Result "1-0"]
[WhiteElo "2518"]
[BlackElo "2583"]
[Annotator "TA"]
[PlyCount "107"]
[EventDate "2020.03.02"]
[EventType "tourn"]
[EventCountry "SUI"]
[SourceTitle "playchess.com"]
[Source "ChessBase"]
[SourceQuality "1"]

{[%evp 13,107,6,9,9,9,0,0,0,18,6,19,0,15,19,29,14,27,26,24,12,17,7,42,38,43,13,41,30,39,19,20,19,32,26,40,12,27,19,131,131,131,131,131,131,233,233,289,267,411,424,546,460,591,542,672,629,664,655,727,663,639,512,746,579,784,0,209,0,803,513,817,783,1243,1106,841,552,459,447,754,527,1942,1675,12839,12839,12841,12842,12842,12841,12841,12842,12842,12842,12844,12844,12845,12844]} 1. e4 e5 2. Nf3 Nf6 3. Nc3 Nc6 4. Bb5 Bb4 5. O-O O-O 6. Bxc6 dxc6 7. d3 Bd6 8. Ne2 {[#] C49: Four Knights: 4 Bb5 Bb4.} Nh5 $146 ({Predecessor:} 8... c5 9. Ng3 Re8 10. b3 Nd7 11. Bg5 f6 12. Be3 Nf8 13. Nh4 g6 14. Qd2 Ne6 15. Ne2 Rf8 {0-1 (38) De Seroux,C (2160)-Megalios,K (2416) Skopje 2019}) 9. Ng3 Nxg3 10. fxg3 {The position is equal.} f5 11. Qe2 fxe4 12. dxe4 Qe7 13. Be3 Be6 14. Ng5 h6 15. Nxe6 Qxe6 16. b3 a5 17. a4 Rxf1+ 18. Rxf1 Rf8 19. Rf3 (19. Rxf8+ {is more complex.} Bxf8 20. h4 b6 21. Kh2 Be7 22. Qf3) 19... Be7 (19... Rb8 {looks sharper.} 20. Bd2 b5 21. axb5 cxb5 22. Bxa5 b4) 20. Rxf8+ Bxf8 21. g4 Be7 22. h3 b6 23. Kh2 Bg5 24. Bf2 Qd6 25. h4 Qd2 (25... Bd2 $11) 26. Qxd2 $1 $16 Bxd2 {[%mdl 4096] Endgame KB-KB} 27. Bg3 Bc3 28. h5 $1 Kf7 (28... c5 $16) 29. Bh4 $1 $18 Ke6 {[#]} 30. g5 $1 Bd2 (30... hxg5 {was called for.} 31. Bxg5 Bb4) 31. gxh6 gxh6 32. Kh3 Bc1 33. Kg4 Bd2 34. Kf3 Bc1 35. Ke2 Ba3 36. g4 Bc1 37. Kd3 Bf4 {Now ...Bc1 and Black clings on.} 38. Kc4 Bd2 39. Kd3 $2 ({White must play} 39. c3 $18 {Black must now prevent Kd3.} Bf4 40. b4) 39... Bc1 $2 (39... Bf4 $11 {and Black stays safe.}) 40. Kc4 $2 (40. c3) 40... Bd2 $1 41. c3 {White is clearly winning.} Be3 (41... Bc1 $142 42. b4 axb4) 42. b4 axb4 43. cxb4 Bd2 44. Bd8 Kd7 {[#]} 45. Bf6 $1 Ke6 (45... b5+ $142 46. axb5 cxb5+ 47. Kxb5 c6+ 48. Kb6 Bxb4) 46. Bg7 Kd6 {[#]} 47. a5 $1 {[%mdl 512]} bxa5 48. bxa5 Bxa5 49. g5 Ke6 50. g6 Bd2 {[#]} 51. Bxe5 $1 {[%mdl 512]} Be3 (51... Kxe5 52. Kd3) 52. Bxc7 Kf6 {[#]} 53. Be5+ $1 {[%mdl 512]} Ke6 (53... Kxe5 54. g7) 54. Bd4 {Accuracy: White = 89%, Black = 46%.} 1-0

[Event "FIDE Womens GP Lausanne 2020"]
[Site "Lausanne"]
[Date "2020.03.04"]
[Round "3.5"]
[White "Muzychuk, Anna"]
[Black "Sebag, Marie"]
[Result "1-0"]
[WhiteElo "2539"]
[BlackElo "2443"]
[Annotator "TA"]
[PlyCount "75"]
[EventDate "2020.03.02"]
[EventType "tourn"]
[EventCountry "SUI"]
[SourceTitle "playchess.com"]
[Source "ChessBase"]
[SourceQuality "1"]

{[%evp 10,75,23,11,18,-27,41,45,60,69,63,64,116,109,109,115,113,108,184,205,296,298,623,610,677,645,660,670,639,628,627,614,622,589,633,621,647,603,626,637,708,622,714,523,426,318,335,308,430,429,427,404,429,427,435,431,588,597,596,565,615,597,802,800,5002,2650,1772,1543]} 1. e4 c5 2. Nc3 Nc6 3. Nf3 e5 4. Bc4 Be7 5. d3 Nf6 6. Ng5 O-O $1 {B30: Sicilian: 2...Nc6 3 Bb5, lines without ...g6.} 7. h4 $1 {[%mdl 4] is recently more successful than 7.f4.} h6 (7... Na5 $11) 8. Nd5 $1 $14 Nxd5 {[#] White is slightly better.} 9. exd5 $146 ({Predecessor:} 9. Bxd5 Nb4 10. Bb3 d5 11. a3 c4 12. dxc4 dxc4 13. Bxc4 Qxd1+ 14. Kxd1 hxg5 15. axb4 gxh4 {1-0 (37) Sasikiran,K (2675)-Harika,D (2495) Douglas 2019}) 9... b5 $1 {...Nd4 is the strong threat.} 10. Bb3 $1 Nd4 {[#] Black is now going downhill.} ({Don't play} 10... hxg5 11. hxg5 g6 12. dxc6 $16) (10... c4 $14) 11. d6 $1 $16 {[%mdl 512]} Bxd6 {Hoping for ...Bb7.} 12. Bd5 $1 {[%cal Rd5a8]} Rb8 {[#]} 13. Qh5 $1 {[%cal Rh5g6][%mdl 1024] Black must now prevent Qg6! White has strong compensation.} Qf6 {[#]} ({Don't blunder} 13... Nxc2+ $2 14. Kd1 $18) (13... Ne6 $16 {was called for.}) 14. c3 $1 $40 {[%mdl 128] White goes for the king.} Bb7 (14... Nc2+ 15. Kd1) (14... Ne6 {might work better.}) 15. Ne4 Qe7 $2 (15... Qf5 16. Qxf5 Nxf5 17. Bxb7 Rxb7) 16. Bg5 Nc2+ 17. Kd2 Bxd5 18. Bxe7 Bxe7 19. Kxc2 f5 20. Ng3 Be6 21. Qe2 f4 22. Nf1 Bf6 23. Nd2 d5 24. g4 c4 {[#]} 25. d4 $1 e4 (25... exd4 26. Qxe6+) 26. Nxe4 dxe4 27. Qxe4 Bxg4 28. Rag1 Bh5 29. Qf5 Be8 30. Rg4 b4 31. Rhg1 {White is clearly winning.} bxc3 32. bxc3 Ba4+ 33. Kc1 Kh8 34. Qa5 Bc6 {intending ...Rb5.} 35. Rxf4 Rb5 {[#]} 36. Rxf6 $1 Rxf6 37. Qd8+ Kh7 {[#]} 38. Qe7 $1 {Accuracy: White = 90%, Black = 39%.} 1-0

[Event "FIDE Womens GP Lausanne 2020"]
[Site "Lausanne"]
[Date "2020.03.04"]
[Round "3.6"]
[White "Muzychuk, Mariya"]
[Black "Cramling, Pia"]
[Result "1/2-1/2"]
[WhiteElo "2552"]
[BlackElo "2470"]
[Annotator "TA"]
[PlyCount "89"]
[EventDate "2020.03.02"]
[EventType "tourn"]
[EventCountry "SUI"]
[SourceTitle "playchess.com"]
[Source "ChessBase"]
[SourceQuality "1"]

{[%evp 12,89,23,24,30,44,23,-4,0,0,2,-13,-8,-27,-28,-31,-36,-15,-2,-20,-11,-31,-2,-14,0,-13,-4,0,0,-13,-8,-17,0,0,0,-8,0,-9,-6,-6,-6,-7,-7,-7,-7,-20,-8,-7,0,0,0,0,7,7,7,7,17,0,0,0,0,0,0,0,0,0,0,0,0,0,0,0,0,0,0,0,0,0,0,0]} 1. e4 c5 2. Nf3 d6 3. d4 cxd4 4. Nxd4 Nf6 5. Nc3 a6 6. h3 e6 7. g4 d5 {7...Be7 is a critical line. Played by Jan Krzysztof Duda in February 2020. B81: Sicilian Scheveningen: Keres Attack.} 8. Nde2 Bc5 9. Bg2 {[%cal Re4d5]} Qb6 10. O-O {[%cal Re4d5]} Nxe4 $1 {[#]} 11. Bxe4 $146 ({Predecessor:} 11. Nxe4 dxe4 12. Nc3 e3 13. Na4 exf2+ 14. Kh1 Qa5 15. Nxc5 Qxc5 16. Qe2 Bd7 17. Be3 {½-½ (46) Destruels Moreno,V (2419)-Gomila Marti,S (2361) ICCF email 2017}) 11... dxe4 12. Na4 Qc6 13. Nxc5 Qxc5 14. Be3 Qc7 15. Qd4 O-O 16. Qxe4 Bd7 17. Bf4 {The position is equal.} Qb6 18. Qd4 Qxd4 19. Nxd4 Nc6 20. Nb3 e5 21. Be3 Be6 22. Nc5 Bd5 23. Nd7 Rfe8 24. Nb6 Rad8 25. Nxd5 Rxd5 26. Rad1 Red8 27. Rxd5 Rxd5 $11 {[%mdl 4096] Endgame KRB-KRN} 28. c3 f6 29. f3 Na5 30. Kf2 Nc4 31. b3 Nxe3 32. Kxe3 {KR-KR} Kf7 33. c4 Rd7 34. Rf2 Ke6 35. Rd2 Rxd2 36. Kxd2 {KP-KP} g6 37. b4 f5 38. Ke3 Kd6 39. a3 Kc6 40. h4 h5 41. gxh5 gxh5 42. Kd3 b6 43. Kc3 Kd6 44. Kd3 Kc6 45. Kc3 {Accuracy: White = 97%, Black = 100%.} 1/2-1/2

[Event "FIDE Womens GP Lausanne 2020"]
[Site "Lausanne"]
[Date "2020.03.05"]
[Round "4.1"]
[White "Kashlinskaya, Alina"]
[Black "Cramling, Pia"]
[Result "1/2-1/2"]
[WhiteElo "2484"]
[BlackElo "2470"]
[Annotator "TA"]
[PlyCount "116"]
[EventDate "2020.03.02"]
[EventType "tourn"]
[EventCountry "SUI"]
[SourceTitle "playchess.com"]
[Source "ChessBase"]
[SourceQuality "1"]

{[%evp 12,116,26,13,18,18,23,20,14,18,33,20,68,60,64,0,0,0,0,0,0,-67,-45,-48,-51,-61,-55,-115,-122,-104,-89,-135,-136,-136,-135,-189,-154,-156,-137,-184,-182,-173,-163,-179,-161,-248,-245,-360,-149,-145,-129,-165,-165,-452,-247,-261,-235,-350,-151,-494,-200,-193,-195,-194,-194,-208,-214,-240,-240,-235,-240,-240,-233,-232,-232,-287,-289,-316,-302,-350,-214,-214,-214,-29986,-203,-195,-143,-214,-214,-214,-179,-214,-214,-214,-207,-200,-199,-207,-39,-39,-46,-47,0,-43,-50,-50,0]} 1. d4 Nf6 2. c4 e6 3. Nf3 Bb4+ 4. Nbd2 c5 5. a3 Bxd2+ 6. Qxd2 cxd4 7. Nxd4 d5 {E11: Bogo-Indian.} 8. e3 O-O 9. b3 {was the old line (9.cxd5).} b6 {The position is equal.} 10. Bb2 Bb7 11. f3 e5 12. Nf5 {[#]} Bc8 $146 ({Predecessor:} 12... g6 13. Ng3 Nbd7 14. cxd5 Bxd5 15. b4 a5 16. Bb5 axb4 17. Qxb4 Rc8 18. e4 Bc6 {1-0 (41) Erdos,V (2636)-Zaragatski,I (2467) Deizisau 2013}) 13. Nxg7 (13. g4 $14) 13... Kxg7 $11 14. Bxe5 Re8 15. Bb2 dxc4 $1 {...Qxd2+ is the strong threat.} 16. Qf2 (16. g4 $11) 16... Kf8 $15 ({Much weaker is} 16... b5 17. Qg3+ Kf8 18. Qg5) 17. Bxc4 {Strongly threatening Qh4.} Ba6 $1 {[%cal Ra6c4]} 18. Rd1 Qe7 19. Bxa6 (19. O-O $15 Bxc4 20. bxc4) 19... Nxa6 $17 20. O-O Rad8 21. e4 Rxd1 22. Rxd1 {next Qd4 is good for White.} Rd8 23. Rc1 (23. Rxd8+ $17 Qxd8 24. Qd4 Qxd4+ 25. Bxd4) 23... Ne8 24. b4 Nac7 25. h3 Rd3 26. Qg3 Ne6 27. Rc8 Rd8 28. Qe5 (28. Rxd8 {keeps fighting.} Qxd8 29. Kh2) 28... f6 $19 29. Qb8 (29. Qc3 {was the only defense.}) 29... Rxc8 (29... Rd1+ $19 30. Kh2 N6c7 31. Bxf6 Qd6+ 32. e5 Qd2 $1 {[%mdl 512]}) 30. Qxc8 $17 Kf7 31. Qc4 Qd6 32. Qb5 $2 (32. Bc3) 32... Nf4 (32... Qd2 $142 33. Qd5 Qxb2 34. Qd7+ Kf8 35. Qxe6 Qxa3) 33. Qc4+ $19 Kf8 {White must now prevent ...Qd2!} 34. Bc1 (34. Qc2 $142) 34... Qd3 (34... Qd1+ $19 {is more deadly.} 35. Kh2 Ne2) 35. Qc6 $2 (35. Qxd3 $17 {was the crucial defense.} Nxd3 36. Bh6+ Ke7 37. Kf1) 35... Ne2+ (35... Qd4+ $142 36. Kh2 Ne2 37. Bh6+ Ke7 38. Qb7+ Ke6 39. Qd5+ Qxd5 40. exd5+ Kxd5) 36. Kf2 {intending Bh6+.} Nxc1 37. Qxc1 Qd4+ 38. Kg3 Nd6 39. Kh2 Nc4 40. Qh6+ Kg8 41. Qh4 Ne5 42. Qg3+ Kh8 43. h4 h5 44. Qf4 Kg7 45. Qf5 Qf2 46. Qxh5 Ng6 $1 47. Qd5 $2 {[#]} (47. Qf5 $19) 47... Qxh4+ $2 (47... Nf4 $1 {mates} 48. Qd7+ {[%mdl 64] [#] Double Attack} Kh6 $1 {[%mdl 512]} 49. Qg4 Ne2 50. Qd7 Qg1+ 51. Kh3 Qh1+ 52. Kg4 Qxg2+ 53. Kf5 Qh3+ {[%mdl 64] Double Attack} 54. Kxf6 Qxd7 55. a4 Nf4 56. Ke5 Ng6+ {[%mdl 64] Double Attack} 57. Kf6 Qd6+ 58. Kf5 Kh5 59. b5 Nxh4#) 48. Kg1 Qg3 ({Black should play} 48... Qe1+ $19 49. Kh2 Qh4+ 50. Kg1 Qg3) 49. Qd7+ (49. Qd8 $17 {is a better defense.}) 49... Kh6 50. Qc8 Qe1+ 51. Kh2 Qd2 52. Kh1 Qd1+ 53. Kh2 Qd6+ 54. Kh1 Qd4 $2 (54... Qe5 $19 55. Qc1+ Kg7) 55. Qc1+ $15 Kh7 56. Qc7+ Kh6 {aiming for ...Qa1+.} (56... Kg8 $5 {[%cal Rd4a1]} 57. Qb8+ Nf8 58. Qxa7 Qd1+ 59. Kh2 Qd6+ 60. Kh1 Qd1+ 61. Kh2 Qd6+ 62. Kh1 Qd8 $15) 57. Qh2+ Kg7 {And now ...Qa1+ would win.} 58. Qc7+ Kh6 {Accuracy: White = 43%, Black = 57%.} 1/2-1/2

[Event "FIDE Womens GP Lausanne 2020"]
[Site "Lausanne"]
[Date "2020.03.05"]
[Round "4.2"]
[White "Sebag, Marie"]
[Black "Muzychuk, Mariya"]
[Result "1/2-1/2"]
[WhiteElo "2443"]
[BlackElo "2552"]
[Annotator "TA"]
[PlyCount "60"]
[EventDate "2020.03.02"]
[EventType "tourn"]
[EventCountry "SUI"]
[SourceTitle "playchess.com"]
[Source "ChessBase"]
[SourceQuality "1"]

{[%evp 9,60,10,12,12,27,2,13,0,9,0,1,2,10,0,0,7,15,0,6,18,9,4,4,4,4,5,13,0,0,0,0,0,0,0,0,0,0,0,0,0,0,0,0,0,0,0,0,0,0,0,0,0,0]} 1. e4 c5 2. Nf3 d6 3. Bb5+ Nd7 4. O-O a6 5. Bd3 Ngf6 6. c3 {B51: Sicilian: Moscow Variation (3 Bb5+) without 3...Bd7.} b5 7. a4 Bb7 {The position is equal.} 8. Re1 e6 9. Bc2 c4 10. d4 $1 {10.d4 is better than 10.axb5.} cxd3 11. Qxd3 Nc5 12. Qe2 bxa4 13. Be3 {[#] Threatens to win with Bxc5.} (13. e5 {looks sharper.} dxe5 14. Nxe5 Qd5 15. Qf1 Be7 16. Nd2) 13... Bxe4 14. Bxc5 Bxc2 15. Qxc2 {Hoping for Bd4.} dxc5 16. Qxa4+ Qd7 {[#]} 17. Nbd2 $146 ({Predecessor:} 17. Ne5 Qxa4 18. Rxa4 Bd6 19. Nc4 Bc7 20. Nbd2 Ke7 21. Rea1 a5 22. Nb3 Nd7 23. Nbxa5 Bxa5 24. Rxa5 Rxa5 25. Rxa5 {1-0 (42) Nakamura,H (2741)-Giri,A (2776) Kolkata 2019}) 17... Be7 18. Ne5 Qxa4 19. Rxa4 Nd7 20. Nc6 Nb6 21. Ra2 Bd6 22. Rea1 Kd7 23. Na5 Rhc8 24. Nac4 Nxc4 25. Nxc4 {[#] And now Nb6+ would win.} Rc6 26. Na5 Rb6 27. Nc4 Rc6 $1 28. Na5 Rb6 29. Nc4 Rc6 $1 30. Na5 Rb6 {A rather calm draw. Accuracy: White = 96%, Black = 100%.} 1/2-1/2

[Event "FIDE Womens GP Lausanne 2020"]
[Site "Lausanne"]
[Date "2020.03.05"]
[Round "4.3"]
[White "Ju, Wenjun"]
[Black "Muzychuk, Anna"]
[Result "1/2-1/2"]
[WhiteElo "2583"]
[BlackElo "2539"]
[Annotator "TA"]
[PlyCount "111"]
[EventDate "2020.03.02"]
[EventType "tourn"]
[EventCountry "SUI"]
[SourceTitle "playchess.com"]
[Source "ChessBase"]
[SourceQuality "1"]

{[%evp 14,111,14,11,23,7,37,20,15,-12,-4,-19,22,22,23,19,19,19,18,30,31,0,0,0,0,0,0,0,64,66,63,63,69,70,70,57,63,58,62,58,72,62,75,62,79,79,86,86,86,86,86,79,78,78,78,78,79,79,79,79,79,79,79,79,79,79,79,79,79,79,79,79,79,73,98,99,99,0,75,0,98,98,111,98,104,106,106,106,100,103,113,72,91,72,72,0,103,0,72,0]} 1. d4 Nf6 2. c4 g6 3. Nc3 d5 4. cxd5 Nxd5 5. Bd2 Bg7 6. e4 Nxc3 7. Bxc3 O-O 8. Qd2 Nd7 {[%cal Bb8d7,Bd7b6,Bb6d5][%mdl 32] D85: Exchange Grünfeld: Unusual White 7th moves and lines with 7 Nf3.} 9. Nf3 Nb6 10. b3 f5 {The position is equal.} 11. Bd3 fxe4 12. Bxe4 Nd5 (12... Bf5 $5 {[%cal Rf5e4]} 13. Bxb7 Rb8 $11) 13. O-O Bf5 14. Rfe1 Bxe4 15. Rxe4 Rxf3 16. gxf3 Qd7 17. Rg4 Rf8 18. Rg3 Rf4 19. Bb2 Qf5 20. Re1 Rxf3 (20... Bf6 $11) 21. Rxf3 $14 Qxf3 22. Qe2 Qh3 $1 23. Qe6+ Qxe6 24. Rxe6 {[%mdl 4096] Endgame KRB-KBN} Kf7 25. Re2 (25. Re4 {is interesting.} Nf6 26. Re1 Nd5 27. Kf1 Bf6 28. Re4) 25... c6 26. Kf1 Bh6 27. Re1 Bd2 28. Rd1 Bf4 29. Kg2 Bd6 30. Kf3 h5 31. h3 a6 32. Bc1 Nc3 33. Rd2 Ke6 34. Rc2 Nd5 35. Bd2 Kf5 36. Rc1 e6 37. Re1 g5 38. Rg1 Be7 39. Ke2 Bf6 40. Kd3 Be7 41. Rg3 Bf6 42. a4 {[%cal Ba2a4,Ba4a5][%mdl 32]} Be7 43. a5 Bf6 44. Rf3+ Kg6 45. Rg3 {And now Bxg5! would win.} Kf5 46. Rf3+ Kg6 47. Ke4 Ne7 48. Rg3 Nf5 49. Rg2 Nd6+ 50. Kd3 {[#] Bxg5! is the strong threat.} Kf5 51. Rg3 Nb5 52. Be3 Nd6 53. Rg1 Nb5 54. Rg3 Nd6 55. Rg1 Nb5 56. Rg3 {Accuracy: White = 91%, Black = 92%.} (56. f3 $16) 1/2-1/2

[Event "FIDE Womens GP Lausanne 2020"]
[Site "Lausanne"]
[Date "2020.03.05"]
[Round "4.4"]
[White "Dzagnidze, Nana"]
[Black "Harika, Dronavalli"]
[Result "0-1"]
[WhiteElo "2515"]
[BlackElo "2518"]
[Annotator "TA"]
[PlyCount "54"]
[EventDate "2020.03.02"]
[EventType "tourn"]
[EventCountry "SUI"]
[SourceTitle "playchess.com"]
[Source "ChessBase"]
[SourceQuality "1"]

{[%evp 9,54,0,9,0,0,-6,-2,-47,-25,-37,-59,-43,-23,-21,0,-10,0,0,0,0,0,0,0,0,0,0,18,0,0,-10,-9,-4,0,0,0,0,0,0,0,-5,-5,-5,-5,-1210,-1198,-1153,-1161]} 1. d4 Nf6 2. Nf3 g6 3. Nc3 d5 4. Bf4 Bg7 5. e3 O-O 6. Nb5 {D00: 1 d4 d5: Unusual lines.} Na6 7. h3 {7.h3 scores better than 7.Be2.} Ne4 8. Bd3 {The position is equal.} c6 9. Nc3 Nxc3 10. bxc3 {[%cal Bb2c3,Bc3c4][%mdl 32] [#]} c5 $146 ({Predecessor:} 10... Qa5 11. Qd2 c5 12. c4 Qxd2+ 13. Kxd2 Nb4 14. cxd5 cxd4 15. exd4 Nxd3 16. cxd3 Rd8 {0-1 (29) Maksimovic,B (2306)-Vucinic,G (2411) Valjevo 2018}) 11. O-O Bd7 (11... c4 $5 12. Be2 $8 Nc7 $11) 12. c4 cxd4 13. exd4 Nb4 14. cxd5 Ba4 15. Qd2 Nxd3 16. Qxd3 Qxd5 {Threatens to win with ...Bb5.} 17. c4 Qf5 18. Qe3 Rac8 19. Rac1 Bc2 20. Bh6 Rxc4 21. Bxg7 Kxg7 22. Qxe7 Rfc8 23. Rfe1 {next Ng5 is good for White.} R4c7 $36 {[%mdl 2048] Black is pushing.} 24. Qd6 {White wants to play d5.} Rc6 25. Qa3 Be4 {...Bxf3 is the strong threat.} 26. Ne5 $2 {[%mdl 8192]} (26. Rxc6 $11 Bxc6 27. Ne5) 26... Rxc1 $19 27. Rxc1 {[#]} Qg5 $1 {[%csl LRc1,LRg2][%mdl 576] Double Attack. Accuracy: White = 73%, Black = 100%.} 0-1